| 000 | 00731cam a22002413a 4500 | ||
|---|---|---|---|
| 001 | 13889 | ||
| 003 | PGUSA | ||
| 005 | 20140828083310.0 | ||
| 008 | 041029s2004||||xxu|||||s|||||000 | eng d | ||
| 040 |
_aPGUSA _beng |
||
| 042 | _adc | ||
| 050 | 4 | _aBV | |
| 100 | 1 |
_aRanney, Dave, _d1863- |
|
| 245 | 1 | 0 |
_aDave Ranney : _bOr, Thirty Years on the Bowery; An Autobiography _h[electronic resource] / _cDave Ranney |
| 260 |
_bProject Gutenberg, _c2004 |
||
| 506 | _aPublic domain in the USA. | ||
| 516 | _aElectronic text | ||
| 653 | _aAmerican Tract Society | ||
| 700 | 1 |
_aSchauffler, A. F. _q(Adolphus Frederick), _d1845-1919 |
|
| 830 | 0 |
_aProject Gutenberg _v13889 |
|
| 856 | 4 | 0 | _uhttp://www.gutenberg.org/ebooks/13889 |
| 942 | _cEB | ||
| 999 |
_c243144 _d243144 |
||